Les pays qui se terminent par BIE - Statistiques

Statistiques générales
  • Ce quiz a été pris 281 fois
  • Le résultat moyen est 3 sur 5
Statistiques - réponses
pays % Correct
Namibie
71%
Colombie
67%
Zambie
64%
Serbie
63%
Gambie
60%
Aucun quiz correspondant
Distribution des résultats
% des personnes avec chaque résultat
Percentile par nombre de réponses
Votre historique - résultats
Vous n’avez pas pris ce quiz